Dieciocho hoyos / (Registro nro. 9279)

Detalles MARC
000 -LEADER
fixed length control field 00830nam a22002777a 4500
001 - CONTROL NUMBER
control field 240017
003 - CONTROL NUMBER IDENTIFIER
control field DO-SdBNP
005 - DATE AND TIME OF LATEST TRANSACTION
control field 20180124104437.0
007 - PHYSICAL DESCRIPTION FIXED FIELD--GENERAL INFORMATION
fixed length control field 240017
008 - FIXED-LENGTH DATA ELEMENTS--GENERAL INFORMATION
fixed length control field 160317b 1994 sp |||| 00| 0 spa d
020 ## - INTERNATIONAL STANDARD BOOK NUMBER
International Standard Book Number 8401464617
040 17 - CATALOGING SOURCE
Original cataloging agency BPMSU
Language of cataloging spa
Transcribing agency BPMSU
041 17 - LANGUAGE CODE
Language code of text/sound track or separate title spa
Language code of original eng
092 ## - LOCALLY ASSIGNED DEWEY CALL NUMBER (OCLC)
Classification number xxxx
Item number xxxx
100 1# - MAIN ENTRY--PERSONAL NAME
Personal name Wodehouse, P. G.,
Dates associated with a name 1881-1975.
240 10 - UNIFORM TITLE
Uniform title <a href="The heart of a goof.">The heart of a goof.</a>
Language of a work Español
245 10 - TITLE STATEMENT
Title Dieciocho hoyos /
Statement of responsibility, etc. P.G. Wodehouse ; traducción de Luis Jordá.
260 ## - PUBLICATION, DISTRIBUTION, ETC. (IMPRINT)
Place of publication, distribution, etc. Barcelona :
Name of publisher, distributor, etc. Plaza & Janés,
Date of publication, distribution, etc. 1994.
300 ## - PHYSICAL DESCRIPTION
Extent 226 p. ;
Dimensions 18 cm
490 1# - SERIES STATEMENT
Series statement Los jet de Plaza & Janés ;
Volume/sequential designation 233/1
700 12 - ADDED ENTRY--PERSONAL NAME
Personal name Jordá, Luis,
Relator term tr.
830 #0 - SERIES ADDED ENTRY--UNIFORM TITLE
Name of part/section of a work Los jet de Plaza & Janés ;
Volume number/sequential designation 233/1
942 ## - ADDED ENTRY ELEMENTS (KOHA)
Source of classification or shelving scheme Dewey Decimal Classification
Koha item type Libros
945 ## - LOCAL PROCESSING INFORMATION (OCLC)
a Inventariado extranjero / 2018 VM
956 ## - LOCAL ELECTRONIC LOCATION AND ACCESS (OCLC)
Access method
Host name VMATEO
Access number 10
Compression information 20180124
Path BPMSU
Electronic name 0069
Existencias
Withdrawn status Lost status Source of classification or shelving scheme Damaged status Not for loan Collection code Home library Current library Date acquired Source of acquisition Total Checkouts Barcode Date last seen Price effective from Koha item type
    Dewey Decimal Classification     Colección General Biblioteca Pública Metropolitana Salomé Ureña Biblioteca Pública Metropolitana Salomé Ureña 03/17/2016 Donación   BPMSU16030154 03/17/2016 03/17/2016 Libros